Un árbol crece en Brooklyn (Record no. 144890)

MARC details
000 -LEADER
campo de control de longitud fija 00635nam a2200205 4500
001 - NÚMERO DE CONTROL
campo de control 144890
003 - IDENTIFICADOR DE NÚMERO DE CONTROL
campo de control ES-MaACL
005 - FECHA Y HORA DE LA ÚLTIMA TRANSACCIÓN
campo de control 20230906201124.0
007 - CAMPO FIJO DE DESCRIPCIÓN FÍSICA--INFORMACIÓN GENERAL
campo de control de longitud fija t|
008 - DATOS DE LONGITUD FIJA--INFORMACIÓN GENERAL
campo de control de longitud fija 070214s1963 sp r ||||1| spa d
100 1# - ENTRADA PRINCIPAL--NOMBRE DE PERSONA
Nombre de persona Smith, Betty.
9 (RLIN) 106852
245 13 - MENCIÓN DEL TÍTULO
Título Un árbol crece en Brooklyn
Resto del título : novela /
Mención de responsabilidad, etc. Betty Smith ; traducción de Rojas Calvell [o Clavell?].
260 ## - PUBLICACIÓN, DISTRIBUCIÓN, ETC.
Lugar de publicación, distribución, etc. Barcelona :
Nombre del editor, distribuidor, etc. Mateu,
Fecha de publicación, distribución, etc. 1963 (
Fabricante Diamante)
300 ## - DESCRIPCIÓN FÍSICA
Extensión 399 p. ;
Dimensiones 18 cm.
490 1# - MENCIÓN DE SERIE
Mención de serie Todo para muchos ;
Designación de volumen o secuencia 95
700 1# - ENTRADA AGREGADA--NOMBRE PERSONAL
Nombre de persona Rojas Clavell.
9 (RLIN) 99064
830 0# - PUNTO DE ACCESO ADICIONAL DE SERIE-TÍTULO UNIFORME
Título uniforme Todo para muchos ;
Designación de volumen o secuencia 95
9 (RLIN) 181717
852 ## - LOCALIZACIÓN
Ubicación ES-MaACL
Número de control de estantería C-23931
Sublocalización o colección R.52607
Holdings
Estatus retirado Estado de pérdida Estado de daño No para préstamo Biblioteca de origen Biblioteca actual Ubicación en estantería Fecha de adquisición Fuente de adquisición Total de préstamos Signatura topográfica completa Código de barras Visto por última vez Precio de reemplazo Tipo de ítem Koha
        Biblioteca del Ateneo de Madrid Biblioteca del Ateneo de Madrid Depósito 2 17/01/2008     C-23931 1151175 23/02/2023 23/02/2023 Libro impreso